000 00294nam a22001337a 4500
008 181219b xxu||||| |||| 00| 0 eng d
020 _a82716002
041 _aeng
080 _23rd
_a820
100 _a21
101 _aGJL
245 _aAmerican Literature
_cSolzhenitsyn,A
942 _2udc
_cBK
999 _c53512
_d53512